Famous people who committed suicide #1 - Statistics

General Stats
  • This quiz has been taken 67 times
  • The average score is 6 of 16
Answer Stats
Picture Answer % Correct
Adolf Hitler
97%
Kurt Cobain
85%
Robin Williams
84%
Jeffrey Epstein
81%
Avicii
35%
Joseph Goebbels
34%
Aaron Hernandez
32%
Virginia Woolf
32%
Ernest Hemingway
29%
Chris Cornell
21%
Michael Hutchence
18%
Mohamed Atta
16%
Salvador Allende
15%
Etika
13%
Eva Braun
13%
Vincent van Gogh
5%
No matching quizzes found
Score Distribution
Percent of People with Each Score
Percentile by Number Answered
Your Score History
You have not taken this quiz